Statistics for The Office Episodes

Click here to take the quiz!

General Stats

  • This quiz has been taken 891 times
    (713 since last reset)
  • The average score is 88 of 202

Answer Stats

SeasonEpisode #Episode Title% Correct
Season 11Pilot
95%
2Diversity Day
82%
5Basketball
76%
18Goodbye, Toby
74%
19Goodbye, Toby
74%
Season 21The Dundies
74%
24Finale
73%
25Finale
73%
22Goodbye Michael
72%
6Hot Girl
72%
22Casino Night
71%
13Dinner Party
70%
5Halloween
70%
2Fun Run
69%
Season 41Fun Run
69%
11Booze Cruise
67%
15Sabre
67%
8The Merger
67%
3Health Care
66%
Season 51Weight Loss
63%
2Weight Loss
63%
23Michael Scott Paper Company
62%
4The Fire
62%
10Christmas Party
60%
3Office Olympics
60%
6Diwali
59%
16Phyllis' Wedding
59%
22A.A.R.M
58%
23A.A.R.M
58%
Season 31Gay Witch Hunt
58%
11Moroccan Christmas
58%
4The Alliance
58%
25The Job
58%
24The Job
58%
10A Benihana Christmas
56%
11A Benihana Christmas
56%
23Beach Games
56%
28Company Picnic
56%
4Dunder Mifflin Infinity
55%
3Dunder Mifflin Infinity
55%
13The Secret
55%
16Valentines Day
55%
2Sexual Harassment
54%
12The Injury
53%
19Michael's Birthday
52%
15Stress Relief
52%
14Stress Relief
52%
6The Fight
52%
21Michael's Last Dundies
50%
20New Boss
50%
7Branch Closing
49%
10Branch Wars
48%
Season 71Nepotism
48%
Season 91New Guys
48%
12Scotts Tots
48%
3Andy's Play
47%
15Boys and Girls
47%
9The Convict
46%
12The Duel
46%
15The Search
46%
11Classy Christmas
45%
12Classy Christmas
45%
5Crime Aid
45%
17Dwight's Speech
45%
Season 61Gossip
45%
6Launch Party
45%
5Launch Party
45%
20Safety Training
45%
15Tallahhassee
45%
7The Client
45%
3The Coup
45%
6Mafia
44%
8Money
44%
7Money
44%
18Todd Packer
44%
9Email Surveillance
43%
4Garden Party
43%
8Gettysburg
43%
8Koi Pond
43%
12Pool Party
43%
13Prince Family Paper
43%
18Take Your Daughter to Work Day
43%
14The Carpet
43%
22Women's Appreciation
43%
17Business School
42%
8Business Trip
42%
10Murder
42%
4Niagara: Part 1
42%
5Niagara: Part 2
42%
19St Patricks Day
42%
17The Farm
42%
17Threat Level Midnight
42%
13Traveling Salesmen
42%
18Last Day in Florida
41%
26Search Committee
41%
25Search Committee
41%
11Survivor Man
41%
22Angry Andy
40%
12Back From Vacation
40%
27Cafe Disco
40%
16Did I Stutter?
40%
9Frame Toby
40%
19Get The Girl
40%
20New Leads
40%
2Roy's Wedding
40%
6The Boat
40%
2The Convention
40%
17The Delivery: Part 1
40%
18The Delivery: Part 2
40%
9Dwight Christmas
39%
19Garage Sale
39%
9Mrs. California
39%
14The Banker
39%
15Ben Franklin
38%
25Broke
38%
18Cocktails
38%
20Drug Testing
38%
4Grief Counselling
38%
5Initiation
38%
16Lecture Circuit: Part 1
38%
17Lecture Circuit: Part 2
38%
12The Deposition
38%
14The Return
38%
21Two Weeks
38%
14Chair Model
37%
21Conflict Resolution
37%
16PDA
37%
Season 81The List
37%
2The Meeting
37%
4Baby Shower
36%
3Business Ethics
36%
24Dwight K. Schrute, (Acting) Manager
36%
19Golden Ticket
36%
21Happy Hour
36%
10Lice
36%
15Night Out
36%
7The Lover
36%
3The Promotion
36%
4Work Bus
36%
16After Hours
35%
3Andy's Ancestry
35%
18Blood Drive
35%
2Counselling
35%
6Employee Transfer
35%
8Performance Review
35%
21Product Recall
35%
13Secret Santa
35%
23The Inner Circle
35%
8Viewing Party
35%
7Christening
34%
6Costume Contest
34%
22Dream Team
34%
17Job Fair
34%
22Secretary's Day
34%
9Double Date
33%
21Living the Dream
33%
14Special Project
33%
25The Chump
33%
2The Incentive
33%
19The Negotiation
33%
26Whistleblower
33%
23Fundraiser
32%
4Sex Ed
32%
11Shareholder Meeting
32%
16The Manager and the Salesman
32%
10The Surplus
32%
7The Whale
32%
7Customer Survey
31%
24Heavy Competition
31%
9Local Ad
31%
3Lotto
31%
16Moving On
31%
17Test the Store
31%
11Trivia
31%
20Welcome Party
31%
21Welcome Party
31%
10China
30%
5Here Comes Treble
30%
13Jury Duty
30%
20Paper Airplane
30%
19Stairmageddon
30%
11Suit Warehouse
30%
5The Sting
30%
20Training Day
30%
13Ultimatum
30%
14Vandalism
30%
9WUPHF.com
30%
10Christmas Wishes
29%
15Couples Discount
29%
18Promos
29%
14The Seminar
29%
24Turf War
29%
26Casual Fridays
28%
12Customer Loyalty
28%
6Doomsday
28%
5Spooked
27%
23Body Language
26%
7Pam's Replacement
26%
25Free Family Portrait Studio
25%
13Junior Salesman
25%
8The Target
25%
24The Cover Up
23%

Score Distribution

Percentile by Number Answered

Percent of People with Each Score

Your Score History

You have not taken this quiz since the last reset